[Event "Sydney International Open 2007"]
[Site "Parramatta"]
[Date "2007.04.13"]
[Round "6"]
[White "Bjelobrk, Igor"]
[Black "Matamoros Franco, Carlos S"]
[Result "1-0"]
[WhiteElo "2386"]
[BlackElo "2523"]
[WhiteACF "2422"]
[BlackACF "-"]
1.Nf3 Nf6 2.c4 g6 3.Nc3 Bg7 4.e4 d6 5.d4 O-O 6.Be2 e5 7.d5 a5 8.O-O Na6 9.Bg5 Qe8 10.Nd2 Kh8 11.a3 Bd7 12.b3 Ng8 13.Kh1 f5 14.exf5 gxf5 15.f4 e4 16.Bh5 Qc8 17.Rc1 Nf6 18.Be2 Qe8 19.Re1 Qg6 20.Nf1 Rae8 21.Ne3 Ng4 22.Nxg4 fxg4 23.Rf1 Kg8 24.Bh4 Nc5 25.b4 axb4 26.axb4 Nd3 27.Bxd3 exd3 28.Qd2 Bxc3 29.Qxc3 Re2 30.Rce1 Qe4 31.Rg1 Rxf4 32.Qa1 Qxc4 33.Bg5 Rf7 34.Bh6 Qe4 35.Ref1 Qxd5 36.Rxf7 Qxf7 37.Rf1 Ra2 38.Qxa2

[Event "Sydney International Open 2007"]
[Site "Parramatta"]
[Date "2007.04.13"]
[Round "6"]
[White "Garbett, Paul"]
[Black "Zhao, Zong-Yuan"]
[Result "0-1"]
[WhiteElo "2313"]
[BlackElo "2476"]
[WhiteACF "2394"]
[BlackACF "2537"]
1.e4 c5 2.Nf3 d6 3.d4 cxd4 4.Nxd4 Nf6 5.Nc3 Nc6 6.Bg5 e6 7.Qd2 a6 8.O-O-O Bd7 9.f4 b5 10.Bxf6 gxf6 11.Kb1 Qb6 12.Nxc6 Bxc6 13.Qe1 Ra7 14.Rd3 b4 15.Nd1 Rc7 16.Qe3 Qxe3 17.Rxe3 Bh6 18.g3 f5 19.Bd3 Bg7 20.Rhe1 fxe4 21.Bxe4 d5 22.Bd3 Ke7 23.R3e2 Kd6 24.Nf2 h5 25.h4 a5 26.Nh3 a4 27.Rf1 a3 28.b3 Bc3 29.Ng5 Re8 30.Rd1 f6 31.Nf3 Rg7 32.Rg1 Reg8 33.Reg2 d4 34.Be2 e5 35.fxe5+ fxe5 36.Ng5 Bd2 37.Rf2 Bxg5 38.hxg5 Rxg5 39.Rf6+ Kc5 40.Rgf1 Rxg3 41.Bxh5 Bb5 42.Rd1 R8g5 43.Bf3 Rg1 44.Kc1 Rxd1+ 45.Kxd1 Rg1+ 46.Kd2 Rf1 47.Rf5 Rf2+ 48.Kc1 Bc6 49.Bg4 Rxf5 50.Bxf5 e4

[Event "Sydney International Open 2007"]
[Site "Parramatta"]
[Date "2007.04.13"]
[Round "6"]
[White "Rej, Tomek"]
[Black "Solomon, Stephen J"]
[Result "1-0"]
[WhiteElo "2260"]
[BlackElo "2430"]
[WhiteACF "2258"]
[BlackACF "2428"]
1.d4 Nf6 2.c4 e6 3.Nc3 Bb4 4.a3 Bxc3+ 5.bxc3 c5 6.e3 O-O 7.Bd3 Nc6 8.Ne2 e5 9.O-O d6 10.e4 Re8 11.d5 Na5 12.Ng3 b6 13.f4 Ng4 14.f5 Qh4 15.h3 Qxg3 16.hxg4 Ba6 17.Rf3 Qxg4 18.Qe1 f6 19.Rh3 Nb3 20.Ra2 Nxc1 21.Qxc1 Rab8 22.a4 Bc8 23.Rf2 Bd7 24.Qc2 a6 25.Be2 Qg5 26.Rff3 b5 27.axb5 axb5 28.Rfg3 Qf4 29.Rg4 b4 30.cxb4 cxb4 31.Rxf4 exf4 32.c5 dxc5 33.Bc4 Rbc8 34.d6+ Kh8 35.Qd1 h6 36.Rxh6+ gxh6 37.Qh5

[Event "Sydney International Open 2007"]
[Site "Parramatta"]
[Date "2007.04.13"]
[Round "6"]
[White "Toth, Andras"]
[Black "Oliver, Gareth"]
[Result "1/2-1/2"]
[WhiteElo "2408"]
[BlackElo "2110"]
[WhiteACF "2430"]
[BlackACF "2057"]
1.e4 c5 2.Nf3 d6 3.d4 cxd4 4.Nxd4 Nf6 5.Nc3 a6 6.Be2 e6 7.O-O Be7 8.f4 O-O 9.Kh1 Qc7 10.Be3 b5 11.a3 Bb7 12.Bf3 Nbd7 13.Qe2 Nc5 14.Bg1 Rfe8 15.e5 e5 16.fxe5 Nd5 17.Bxd5 exd5 18.Nf3 Ne4 19.Qd3 Nxc3 20.bxc3 Rac8 21.Bd4 h6 22.Rf2 Bc5 23.Raf1 Qe7 24.Bxc5 Rxc5 25.Nd4 Rc7 26.Rxf7 Qxf7 27.Rxf7 Rxf7 28.Nf3 Rfe7 29.h3 Rc8 30.Qd4 Rc4 31.Qb6 Re4 32.Qd6 Kf7

[Event "Sydney International Open 2007"]
[Site "Parramatta"]
[Date "2007.04.13"]
[Round "6"]
[White "Repplinger, Marc"]
[Black "Xie, George"]
[Result "0-1"]
[WhiteElo "2239"]
[BlackElo "2404"]
[WhiteACF "-"]
[BlackACF "2375"]
1.f4 d5 2.Nf3 g6 3.e3 Bg7 4.Be2 Nh6 5.O-O O-O 6.d3 c6 7.c3 Qb6 8.Na3 Nd7 9.Kh1 Nf5 10.Nc2 Nd6 11.Nh4 e5 12.Qe1 exf4 13.exf4 Re8 14.Qf2 Nf6 15.h3 c5 16.Ne3 d4 17.cxd4 cxd4 18.Ng4 Nd5 19.Bf3 Ne3 20.Re1 Bxg4 21.hxg4 Rac8 22.Bd1 Qb5 23.f5 Qxd3 24.Bxe3 dxe3 25.Qf3 Bf6 26.fxg6 Bxh4 27.gxf7+ Nxf7 28.Bb3 Qg6 29.Qf1 Bf2

[Event "Sydney International Open 2007"]
[Site "Parramatta"]
[Date "2007.04.13"]
[Round "6"]
[White "Dragicevic, Domagoj"]
[Black "Johansen, Darryl K"]
[Result "0-1"]
[WhiteElo "2196"]
[BlackElo "2456"]
[WhiteACF "2126"]
[BlackACF "2467"]
1.e4 c5 2.Nf3 e6 3.d4 cxd4 4.Nxd4 a6 5.Nc3 b5 6.Bd3 Bb7 7.O-O Qb6 8.Nb3 Qc7 9.a3 Nf6 10.f4 d6 11.Qf3 Nbd7 12.Bd2 Be7 13.Rae1 O-O 14.Qg3 e5 15.fxe5 dxe5 16.Bh6 Nh5 17.Qh3 Ndf6 18.Be3 g6 19.Bg5 Rad8 20.Qh4 Kg7 21.g4 h6 22.gxh5 hxg5 23.h6+ Kh7 24.Qf2 Nh5 25.Ne2 Kxh6 26.Kh1 f5 27.Qe3 Nf4 28.Nxf4 exf4 29.Qh3+ Kg7 30.Nd2 g4 31.Qg2 f3

[Event "Sydney International Open 2007"]
[Site "Parramatta"]
[Date "2007.04.13"]
[Round "6"]
[White "Lin, Zhigen Wilson"]
[Black "Ansell, Simon"]
[Result "0-1"]
[WhiteElo "2189"]
[BlackElo "2402"]
[WhiteACF "2103"]
[BlackACF "-"]
1.e4 c5 2.Nf3 Nc6 3.Bb5 e6 4.O-O Nge7 5.c3 d5 6.exd5 Qxd5 7.Re1 a6 8.Bf1 Qd8 9.Na3 Ng6 10.Nc2 Be7 11.g3 O-O 12.Bg2 e5 13.d4 exd4 14.cxd4 Bf5 15.d5 Bxc2 16.Qxc2 Qxd5 17.Ne5 Qe6 18.Bxc6 Nxe5 19.Bf4 Qxc6 20.Rxe5 Rfe8 21.Rae1 Bf8 22.Rxe8 Rxe8 23.Rxe8 Qxe8 24.b3 b5 25.Be3 Qc6 26.h4 Qd5 27.Kf1 h5 28.Ke2 g6 29.a4 c4 30.bxc4 Qxc4+ 31.Qxc4 bxc4 32.Ba7 f5 33.Ke3 Bg7 34.Bd4 Bh6+ 35.f4 Bf8 36.Bb6 Bb4 37.Kd4 Be1 38.Bd8 c3 39.Kd3 Kf7 40.Bg5 Ke6 41.Bd8 Kd5

[Event "Sydney International Open 2007"]
[Site "Parramatta"]
[Date "2007.04.13"]
[Round "6"]
[White "Suttor, Vincent"]
[Black "Goldenberg, Igor"]
[Result "1/2-1/2"]
[WhiteElo "2153"]
[BlackElo "2388"]
[WhiteACF "2173"]
[BlackACF "2368"]
1.d4 Nf6 2.c4 g6 3.Nc3 Bg7 4.e4 O-O 5.f3 d6 6.Be3 Nc6 7.Qd2 a6 8.Nge2 Rb8 9.h4 b5 10.h5 e5 11.Bh6 Qe7 12.Bxg7 Kxg7 13.d5 Na5 14.Ng3 Bd7 15.Nd1 Nxc4 16.Bxc4 bxc4 17.Rc1 c6 18.Rxc4 Rfc8 19.Ne3 cxd5 20.Rxc8 Rxc8 21.exd5 Ng8 22.hxg6 hxg6 23.Ne4 f5 24.Nc3 Nf6 25.Kf2 f4 26.Ned1 Bf5 27.Re1 Rc4 28.Kg1 Rd4 29.Qxd4

[Event "Sydney International Open 2007"]
[Site "Parramatta"]
[Date "2007.04.13"]
[Round "6"]
[White "Wallis, Christopher"]
[Black "West, Guy"]
[Result "1-0"]
[WhiteElo "2178"]
[BlackElo "2368"]
[WhiteACF "2178"]
[BlackACF "2326"]
1.e4 e6 2.d4 d5 3.Nc3 dxe4 4.Nxe4 Nd7 5.g3 Ngf6 6.Nxf6+ Qxf6 7.Nf3 h6 8.Bg2 Bd6 9.c4 c6 10.O-O O-O 11.Be3 e5 12.Re1 Re8 13.Qc2 Bf8 14.Bf4 g5 15.Bxe5 Nxe5 16.Nxe5 Bf5 17.Qb3 c5 18.Bd5 Re7 19.Qf3 Rae8 20.g4 cxd4 21.Bxf7+ Rxf7 22.Nxf7

[Event "Sydney International Open 2007"]
[Site "Parramatta"]
[Date "2007.04.13"]
[Round "6"]
[White "Illingworth, Max"]
[Black "Smith, Robert W"]
[Result "0-1"]
[WhiteElo "2007"]
[BlackElo "2294"]
[WhiteACF "1963"]
[BlackACF "2285"]
1.d4 Nf6 2.c4 e6 3.Nc3 Bb4 4.e3 b6 5.Ne2 Ba6 6.a3 Bxc3+ 7.Nxc3 d5 8.Qf3 c6 9.b3 O-O 10.Be2 Nbd7 11.Bb2 Rc8 12.O-O Re8 13.Rfd1 Qe7 14.Qg3 dxc4 15.bxc4 e5 16.Rac1 exd4 17.exd4 Qe6 18.Rd3 Bxc4 19.Re3 Bxe2 20.Rxe6 Rxe6 21.Re1 Bc4 22.Rxe6 Bxe6 23.h3 b5 24.Bc1 Ne8 25.Ne4 f6 26.Nc5 Nxc5 27.dxc5 Rd8 28.Kh2 Kf7 29.Qh4 h6 30.Qb4 Rd7 31.Qa5 g5 32.Be3 Ng7 33.Qa6 Bd5 34.Qc8 Re7 35.Bd4 Ne6 36.Bc3 h5 37.Qh8 Ng7 38.Qh6 Re6 39.h4 g4 40.Bd4 a5 41.Bc3 a4 42.Bd2 g3+ 43.Kg1 gxf2+ 44.Kxf2 Re5 45.Be3 Rf5+ 46.Kg1 Ne6 47.Qh7+ Ng7 48.Bd2 Be4 49.Qh8 Rxc5 50.Bh6 Ne6 51.Be3 Rd5 52.Bf2 Nf4 53.Qh6 Nxg2 54.Qc1 Rf5 55.Bg3 Rf3 56.Bf2 Nf4 57.Qd1 Nh3+ 58.Kh2 Nxf2 59.Qd7+ Kg6 60.Qe8+ Kf5 61.Qd7+ Ke5 62.Qe7+ Kd5 63.Qd7+ Kc4 64.Qf7+ Bd5 65.Qxh5 Kb3 66.Qh7 Kxa3 67.Qc2 Ng4+ 68.Kg1 Rf1+

[Event "Sydney International Open 2007"]
[Site "Parramatta"]
[Date "2007.04.13"]
[Round "6"]
[White "Chow, Samuel"]
[Black "Bernardino, Almario Marlon"]
[Result "1-0"]
[WhiteElo "2220"]
[BlackElo "2146"]
[WhiteACF "2278"]
[BlackACF "-"]
1.c4 Nf6 2.Nc3 c5 3.g3 d5 4.cxd5 Nxd5 5.Bg2 Nc7 6.Nf3 Nc6 7.O-O e5 8.d3 Be7 9.Be3 O-O 10.Rc1 f6 11.Nd2 Nd4 12.Na4 b6 13.Bxa8 Nxa8 14.Bxd4 cxd4 15.Qc2 Bb7 16.f4 Kh8 17.fxe5 Qd5 18.Nf3 fxe5 19.Qb3 Qd6 20.Nd2 Rf4 21.Ne4 Qg6 22.Qb5 h5 23.Qxe5 Rxe4 24.dxe4 Bg5 25.Qxd4 Bxc1 26.Rxc1 Bxe4 27.Rc8+ Kh7 28.Rc4

[Event "Sydney International Open 2007"]
[Site "Parramatta"]
[Date "2007.04.13"]
[Round "6"]
[White "Zvedeniouk, Ilia"]
[Black "Shipov, Sergei"]
[Result "*"]
[WhiteElo "2121"]
[BlackElo "2592"]
[WhiteACF "2075"]
[BlackACF "-"]
1.e4 c5 2.c3 d5 3.exd5 Qxd5 4.d4 Nf6 5.Nf3 Bg4 6.Be2 e6 7.Na3 Nc6 8.O-O cxd4 9.Nb5 Rc8 10.Nbxd4 Nxd4 11.Nxd4 Bxe2 12.Qxe2 Be7 13.Rd1 a6 14.a4 O-O 15.Bf4 Qe4 16.Qxe4 Nxe4 17.Nb3 Rfd8 18.Be3 f6 19.f3 Nxc3 20.Rxd8+ Bxd8 21.bxc3 Rxc3 22.Rd1 Bc7 23.Nc5 Rxe3 24.Kf2 Ra3 25.Nxe6 Bxh2 26.Rd7 Rxa4 27.Rxg7+ Kh8 28.Rxb7 Ra2+ 29.Kf1 h5 30.Rf7 Bg3 31.Rf8+ Kh7 32.Rf7+ Kg6 33.Rg7+ Kf5 34.Nd4+ Ke5 35.Rxg3 Kxd4 36.Rg8 a5 37.Rf8 Ke3 38.Re8+ Kf4 39.Rh8 Ra1+ 40.Kf2 Ra2+ 41.Kf1 Kg5 42.Rg8+ Kf5 43.Rh8 Kg6 44.Rg8+ Kh7 45.Ra8 a4 46.Kg1 a3 47.Kh2 Kg6 48.Kg3 Ra1 49.Ra6 Kg5 50.Ra5+ f5 51.f4+ Kf6 52.Ra6+ Ke7 53.Kh4

[Event "Sydney International Open 2007"]
[Site "Parramatta"]
[Date "2007.04.13"]
[Round "6"]
[White "Munoz, Contreras Nelson"]
[Black "Lane, Gary W"]
[Result "0-1"]
[WhiteElo "2117"]
[BlackElo "2421"]
[WhiteACF "-"]
[BlackACF "2452"]
1.d4 Nf6 2.Bg5 e6 3.e4 h6 4.Bxf6 Qxf6 5.Nc3 d6 6.Nf3 Nd7 7.Nb5 Qd8 8.Qd2 a6 9.Nc3 g6 10.Bc4 Bg7 11.h4 b5 12.Bd3 c5 13.d5 Nb6 14.dxe6 Bxe6 15.h5 g5 16.Be2 Qe7 17.O-O b4 18.Nd1 O-O 19.c3 a5 20.Ne3 Na4 21.Nd1 Rab8 22.c4 Bg4 23.Qc2 Nb6 24.Nd4 Bd7 25.Nf5 Bxf5 26.exf5 Bd4 27.Bf3 Qe5 28.Rb1 Nd7 29.b3 Nf6 30.Nb2 g4 31.Nd3 Qxf5 32.Bd1 Ne4 33.Ne1 g3 34.Nd3 Qg5

[Event "Sydney International Open 2007"]
[Site "Parramatta"]
[Date "2007.04.13"]
[Round "6"]
[White "Sales, Jesse Noel"]
[Black "Zirdum, Ivan"]
[Result "0-1"]
[WhiteElo "2361"]
[BlackElo "2061"]
[WhiteACF "2389"]
[BlackACF "2036"]
1.Nf3 Nf6 2.c4 c5 3.Nc3 Nc6 4.d4 cxd4 5.Nxd4 g6 6.e4 Bg7 7.Be3 d6 8.Be2 O-O 9.Qd2 Qa5 10.f3 Nxd4 11.Bxd4 Be6 12.Rc1 a6 13.Be3 Rfc8 14.b3 b5 15.Nd5 Qxd2+ 16.Kxd2 Nxd5 17.exd5 Bd7 18.Rc2 h5 19.Rhc1 b4 20.Bd3 a5 21.Ke2 a4 22.c5 axb3 23.axb3 dxc5 24.Bxc5 Ra5 25.Bxb4 Rxc2+ 26.Rxc2 Rxd5 27.Rc5 Rd6 28.Rc7 Rd5 29.Bc4 Re5+ 30.Kd1 Bb5 31.Rxe7 Rf5 32.Bxb5 Rxb5 33.Re8+ Kh7 34.Re4 Rb7 35.Kc2 Ra7 36.Bd2 Ra2+ 37.Kd3 Rb2 38.b4 Rb3+ 39.Kc2 Rb2+ 40.Kc1 Rb3 41.Rc4 Ra3 42.b5 Ra1+ 43.Kc2 Ra2+ 44.Kd1 Bf8 45.Bb4 Ra5 46.Rc8 Bxb4 47.Rc4 Ra1+

[Event "Sydney International Open 2007"]
[Site "Parramatta"]
[Date "2007.04.13"]
[Round "6"]
[White "Chan, Jason"]
[Black "Smirnov, Vladimir"]
[Result "0-1"]
[WhiteElo "2099"]
[BlackElo "2319"]
[WhiteACF "2015"]
[BlackACF "2303"]
1.e4 Nc6 2.d3 Nf6 3.h3 d5 4.Nd2 e5 5.Ngf3 Bc5 6.Be2 h6 7.O-O Be6 8.c3 a6 9.b4 Ba7 10.Bb2 O-O 11.a3 Nh5 12.exd5 Bxd5 13.c4 Bxf3 14.Bxf3 Nf4 15.Bxc6 bxc6 16.Bxe5 Nxd3 17.Bc3 Bd4 18.Bxd4 Qxd4 19.Qc2 Rad8 20.Nb3 Qe4 21.Rae1 Qxe1 22.Rxe1 Nxe1 23.Qe4 Rd1 24.Kh2 Rfd8 25.Nc5 R8d6 26.Qe8+ Kh7 27.Qxf7 Rg6 28.h4 Rf6 29.Qh5 Rd4 30.Qe2 Rxh4+ 31.Kg3 Rh1 32.Ne4 Rg6+ 33.Kf4 Nxg2+ 34.Kf3 Nh4+ 35.Kf4 Ng2+ 36.Kf3 Re1 37.Qd2 Nh4+ 38.Kf4 Re6 39.Ng3 h5 40.Qd3+ Kh6

[Event "Sydney International Open 2007"]
[Site "Parramatta"]
[Date "2007.04.13"]
[Round "6"]
[White "Dizdarevic, Mehmedalija"]
[Black "Bucher, Denis"]
[Result "0-1"]
[WhiteElo "2096"]
[BlackElo "2315"]
[WhiteACF "1980"]
[BlackACF "-"]
1.e4 c5 2.Nf3 Nc6 3.d4 cxd4 4.Nxd4 Nf6 5.Nc3 e5 6.Ndb5 d6 7.Bg5 a6 8.Na3 b5 9.Bxf6 gxf6 10.Nd5 Bg7 11.c3 f5 12.exf5 Bxf5 13.g3 e4 14.Nc2 Ne5 15.Be2 O-O 16.O-O Rb8 17.Nce3 Bh3 18.Re1 Be6 19.f4 exf3 20.Bxf3 a5 21.Bg2 Qg5 22.Nf4 Rfd8 23.Qe2 Kh8 24.Rf1 b4 25.c4 b3 26.a3 Rbc8 27.Rac1 Rc5 28.Bd5 Bxd5 29.Nfxd5 Rdc8 30.Rf5 Qh6 31.Rh5 Qe6 32.Nf4 Qd7 33.Qd1 a4 34.Nfd5 Qe6 35.Nf4 Qf6 36.Ned5 Qd8 37.Ne3 Ng6 38.Rxc5 dxc5 39.Nxg6+ hxg6

[Event "Sydney International Open 2007"]
[Site "Parramatta"]
[Date "2007.04.13"]
[Round "6"]
[White "Mendes da Costa, Alex"]
[Black "Cunanan, Homer"]
[Result "0-1"]
[WhiteElo "2017"]
[BlackElo "2150"]
[WhiteACF "1925"]
[BlackACF "-"]
1.e4 c6 2.d4 d5 3.exd5 cxd5 4.c4 Nf6 5.Nc3 e6 6.Nf3 Be7 7.Bd3 O-O 8.O-O a6 9.a3 dxc4 10.Bxc4 b5 11.Bb3 Bb7 12.Bg5 Nc6 13.Qd3 Na5 14.Bc2 g6 15.Ne5 Rc8 16.Rad1 Nc4 17.Nxc4 Rxc4 18.Bb3 Rc8 19.Rfe1 Nd5 20.Bxe7 Nxe7 21.Re5 Nc6 22.Re3 Na5 23.Ba2 Nc4 24.Bxc4 Rxc4 25.Rh3 Qf6 26.Qd2 Rd8 27.Rd3 Kg7 28.f3 Qf5 29.Qe3 b4 30.Ne4 Rc2 31.Nc5 Bd5 32.Nxa6 Bc4 33.Nxb4 Bxd3 34.Nxd3 Qf6 35.Ne5 Rxb2 36.Ng4 Qf5 37.d5 Rxd5 38.Qc3+ e5 39.Re1 Rc2 40.Qe3 Qf4 41.Qb3 Qd2

[Event "Sydney International Open 2007"]
[Site "Parramatta"]
[Date "2007.04.13"]
[Round "6"]
[White "Wei, Michael"]
[Black "Stojic, Svetozar"]
[Result "0-1"]
[WhiteElo "2148"]
[BlackElo "1991"]
[WhiteACF "2149"]
[BlackACF "1875"]
1.e4 c5 2.Nf3 d6 3.d4 cxd4 4.Nxd4 Nf6 5.Nc3 g6 6.Be3 Bg7 7.Be2 Nc6 8.O-O O-O 9.Nb3 Be6 10.f4 Qc8 11.Kh1 Rd8 12.Bg1 d5 13.e5 Ne4 14.Nb5 g5 15.g3 Bh3 16.Re1 gxf4 17.gxf4 Qe6 18.Bh5 Qh6 19.Qf3 Bf5 20.N5d4 Bg6 21.Bxg6 hxg6 22.Be3 Kh7 23.Rg1 Rh8 24.Rg4 Kg8 25.h4 f5 26.exf6 Nxf6 27.f5 Qh5 28.Rxg6 Qxh4+ 29.Kg2 Qh2+ 30.Kf1 Ne5 31.Qg3 Nxg6 32.Qxg6 Qh3+ 33.Ke2 Qg4+ 34.Qxg4 Nxg4 35.Rg1 Nxe3 36.Kxe3 Kf7 37.c3 Rh3+ 38.Kd2 Rh2+ 39.Ne2 Rf2 40.Ke3 Rxf5 41.Nc5 b6 42.Nb3 e5 43.a4 Bh6+ 44.Kd3 Rf3+ 45.Kc2 Rf2 46.Kd1 Rg8 47.Rh1 Rgg2

[Event "Sydney International Open 2007"]
[Site "Parramatta"]
[Date "2007.04.13"]
[Round "6"]
[White "Lazarus, Benjamin"]
[Black "Canfell, Mike J"]
[Result "1-0"]
[WhiteElo "2140"]
[BlackElo "1976"]
[WhiteACF "1981"]
[BlackACF "1746"]
1.e4 c5 2.Nf3 d6 3.d4 cxd4 4.Nxd4 Nf6 5.Nc3 a6 6.f4 e6 7.Qf3 Qb6 8.Nb3 Qc7 9.g4 b5 10.Bd3 Bb7 11.g5 Nfd7 12.Qh3 b4 13.Ne2 d5 14.e5 g6 15.Nbd4 Nc6 16.Be3 Nxd4 17.Bxd4 Bc5 18.c3 bxc3 19.bxc3 Ke7 20.Kf2 a5 21.Rab1 Ba6 22.Bb5 Bxb5 23.Rxb5 Rab8 24.Rhb1 Rxb5 25.Rxb5 Rb8 26.Qd3 Rxb5 27.Qxb5 Qb6 28.Bxc5+ Qxc5+ 29.Qxc5+ Nxc5 30.Ke3 Kd7 31.Kd4 Kc6 32.c4 dxc4 33.Kxc4 Kb6 34.Nc3 Kc6 35.Nb5 Ne4 36.Nd6 Nxd6+ 37.exd6 Kxd6 38.Kb5 Kd5 39.Kxa5 Ke4 40.Kb4 Kxf4 41.a4 e5 42.Kc3 Kxg5 43.a5 f5 44.a6 e4 45.a7 h5 46.a8=Q Kg4 47.Kd4 g5 48.Qa3 h4 49.h3+ Kh5 50.Ke5 g4 51.Kxf5 gxh3

[Event "Sydney International Open 2007"]
[Site "Parramatta"]
[Date "2007.04.13"]
[Round "6"]
[White "Nakauchi, Gene"]
[Black "Broekhuyse, Paul"]
[Result "0-1"]
[WhiteElo "1703"]
[BlackElo "2137"]
[WhiteACF "1703"]
[BlackACF "2135"]
1.d4 Nf6 2.c4 e6 3.Nc3 Bb4 4.e3 c5 5.Bd3 Nc6 6.Ne2 O-O 7.O-O cxd4 8.exd4 d5 9.Bf4 b6 10.Rc1 Bb7 11.cxd5 Nxd5 12.Nxd5 Qxd5 13.Bc4 Qh5 14.a3 Be7 15.Be3 Rfd8 16.f4 Bf6 17.Qd2 Na5 18.Ba2 Rac8 19.b4 Nc6 20.Rfd1 Ne7 21.Ng3 Qb5 22.Bb3 Nd5 23.Ne4 Be7 24.Nc3 Nxc3 25.Rxc3 Rxc3 26.Qxc3 Rc8 27.Qb2 Bf6 28.Qd2 Qc6 29.Qe2 Qe4 30.Qf3 Qxf3 31.gxf3 Rc3 32.Rc1 Rxe3 33.Rc7 Rxb3 34.Rxb7 Bxd4+ 35.Kg2 g6 36.Rxa7 Bb2 37.a4 Rxb4 38.a5 bxa5 39.Rxa5 Rxf4 40.Kg3 Rb4 41.h4 h5 42.Rc5 Bd4 43.Ra5 Kg7 44.Ra2 Be5+ 45.Kh3 Rb2 46.Rxb2 Bxb2 47.Kg3 Kf6 48.f4 Kf5 49.Kf3 Bc1 50.Kg3 Bxf4+ 51.Kf3 e5 52.Kf2 Kg4 53.Kg2 Bg3 54.Kf1 Kf3 55.Kg1 e4 56.Kf1 e3 57.Kg1 e2 58.Kh1 e1=Q+

[Event "Sydney International Open 2007"]
[Site "Parramatta"]
[Date "2007.04.13"]
[Round "6"]
[White "Bennett, Hilton"]
[Black "Tenorio, Leonardo"]
[Result "1-0"]
[WhiteElo "2134"]
[BlackElo "1861"]
[WhiteACF "1991"]
[BlackACF "1861"]
1.e4 c5 2.Nc3 d6 3.f4 g6 4.Nf3 Bg7 5.Bc4 e6 6.O-O a6 7.a4 Ne7 8.d3 Nbc6 9.Qe1 O-O 10.f5 d5 11.Bb3 Nd4 12.Nxd4 cxd4 13.f6 dxc3 14.fxg7 Kxg7 15.Qxc3+ d4 16.Qc5 Nc6 17.Bg5 Qa5 18.Bh6+ Kxh6 19.Qxf8+ Kg5 20.Qxf7 Qe5 21.Rf3 h5 22.Rg3+

[Event "Sydney International Open 2007"]
[Site "Parramatta"]
[Date "2007.04.13"]
[Round "6"]
[White "Tulevski, Vasil G"]
[Black "Stojic, Dusan"]
[Result "0-1"]
[WhiteElo "2001"]
[BlackElo "2271"]
[WhiteACF "1857"]
[BlackACF "2223"]
1.d4 Nf6 2.c4 c5 3.d5 d6 4.Nc3 g6 5.e4 Bg7 6.f4 e6 7.Nf3 exd5 8.cxd5 O-O 9.Bd3 Re8 10.O-O c4 11.Bc2 b5 12.a3 a6 13.Be3 Nxe4 14.Nxe4 f5 15.Bd4 fxe4 16.Bxg7 Kxg7 17.Qd4+ Qf6 18.Qxf6+ Kxf6 19.Ng5 Bf5 20.Nxh7+ Kg7 21.Ng5 Nd7 22.h3 Nc5 23.g4 Bd7 24.f5 gxf5 25.gxf5 Rf8 26.Ne6+ Bxe6 27.fxe6 Nd3 28.Rxf8 Rxf8 29.Rf1 Nf4 30.e7 Ne2+ 31.Kh2 Re8 32.Bxe4 Rxe7 33.Bf5 Nd4 34.Rg1+ Kf6 35.Bc8 Nf3+ 36.Kg2 Nxg1 37.Kxg1 Re2 38.Bxa6 Rxb2

[Event "Sydney International Open 2007"]
[Site "Parramatta"]
[Date "2007.04.13"]
[Round "6"]
[White "Forster, William"]
[Black "Wright, Neil S"]
[Result "0-1"]
[WhiteElo "1983"]
[BlackElo "2217"]
[WhiteACF "1892"]
[BlackACF "2118"]
1.e4 c5 2.Nf3 e6 3.b3 Nc6 4.Bb2 a6 5.Be2 Qc7 6.h3 Nge7 7.O-O Ng6 8.Re1 Bd6 9.Bf1 O-O 10.d3 b5 11.Nbd2 Bb7 12.c3 Be7 13.d4 cxd4 14.cxd4 d5 15.e5 Qb6 16.Rc1 Rae8 17.Bd3 Nf4 18.Bb1 f6 19.Nf1 Ng6 20.Ne3 fxe5 21.dxe5 Rd8 22.Bd4 Qa5 23.Re2 Rxf3 24.Bxg6 Rf4 25.Bc3 b4 26.Bxh7+ Kxh7 27.Qd3+ g6 28.Bb2 Qb5 29.Qd2 Bg5 30.g3 Rf3 31.h4 d4 32.hxg5 dxe3 33.Qe1 Qd5 34.Qf1 exf2+ 35.Rxf2 Nxe5 36.Qh3+ Kg8 37.Rc7 Rxg3+ 38.Qxg3 Qh1+

[Event "Sydney International Open 2007"]
[Site "Parramatta"]
[Date "2007.04.13"]
[Round "6"]
[White "Tredinnick, Malcolm Robert"]
[Black "Brown, Andrew"]
[Result "0-1"]
[WhiteElo "2205"]
[BlackElo "1917"]
[WhiteACF "2137"]
[BlackACF "1912"]
1.c4 c5 2.g3 Nc6 3.Bg2 g6 4.Nc3 Bg7 5.a3 e6 6.b4 d6 7.Rb1 Nge7 8.Nf3 O-O 9.O-O Rb8 10.b5 Na5 11.Qa4 b6 12.Bb2 d5 13.cxd5 exd5 14.d3 d4 15.Ne4 Be6 16.Bc1 Nd5 17.Bg5 Qc8 18.Qc2 h6 19.Bd2 Nb7 20.g4 Bxg4 21.Qc1 Kh7 22.Nfg5+ hxg5 23.Nxg5+ Kg8 24.Bxd5 Bxe2 25.Bf4 Bxd3 26.Bxb8 Qxb8 27.Re1 Qd8 28.Bxf7+ Rxf7 29.Nxf7 Kxf7 30.Rb3 Bf5 31.Qc4+ Kf8 32.Rf3 Qd7 33.Kf1 Bf6 34.Re6 Bxe6 35.Rxf6+ Ke7

[Event "Sydney International Open 2007"]
[Site "Parramatta"]
[Date "2007.04.13"]
[Round "6"]
[White "Gutierrez Castillo, Paloma"]
[Black "Cohn, Jason"]
[Result "1-0"]
[WhiteElo "2176"]
[BlackElo "1612"]
[WhiteACF "-"]
[BlackACF "1612"]
1.e4 d5 2.exd5 Qxd5 3.Nc3 Qa5 4.Bc4 Nf6 5.d3 c6 6.Bd2 Bf5 7.Qe2 e6 8.h3 h5 9.Nf3 Nbd7 10.Nd4 Bg6 11.Bxe6 Qe5 12.Bxd7+ Nxd7 13.O-O-O O-O-O 14.Nf3 Qa5 15.Kb1 Bb4 16.Ne4 Rhe8 17.Nd6+ Bxd6 18.Qxe8 Rxe8 19.Bxa5 b6 20.Bc3 f6 21.Rhe1 Ne5 22.Nxe5 Bxe5 23.Bxe5 Rxe5 24.Rxe5 fxe5 25.Re1

[Event "Sydney International Open 2007"]
[Site "Parramatta"]
[Date "2007.04.12"]
[Round "7"]
[White "Timoshenko, Georgy"]
[Black "Rogers, Ian"]
[Result "1/2-1/2"]
[WhiteElo "2566"]
[BlackElo "2513"]
[WhiteACF "-"]
[BlackACF "2621"]
1.e4 e5 2.Nf3 Nc6 3.Bb5 a6 4.Ba4 Nf6 5.O-O Be7 6.Re1 b5 7.Bb3 d6 8.c3 O-O 9.h3 Na5 10.Bc2 c5 11.d4 Nd7 12.Nbd2 exd4 13.cxd4 Nc6 14.Nf1 cxd4 15.Nxd4 Nxd4 16.Qxd4 Ne5 17.Qd1 Bf6 18.Ne3 Nc4 19.Rb1 Nxe3 20.Bxe3 Be6 21.Bb3 Re8 22.Bxe6 Rxe6 23.Bd4 Rc8 24.Bxf6

[Event "Sydney International Open 2007"]
[Site "Parramatta"]
[Date "2007.04.12"]
[Round "7"]
[White "Antic, Dejan"]
[Black "Mikhalevski, Victor"]
[Result "0-1"]
[WhiteElo "2443"]
[BlackElo "2590"]
[WhiteACF "2428"]
[BlackACF "-"]
1.d4 Nf6 2.c4 g6 3.Nc3 d5 4.cxd5 Nxd5 5.e4 Nxc3 6.bxc3 Bg7 7.Bc4 c5 8.Ne2 O-O 9.O-O Nc6 10.Be3 Bd7 11.Rb1 Qc7 12.Bf4 Qc8 13.d5 Na5 14.Bd3 e5 15.Bg3 c4 16.Bc2 b6 17.h3 Nb7 18.f4 exf4 19.Bxf4 Qc5+ 20.Kh1 Rae8 21.Nd4 Be5 22.Bh6 Bg7 23.Bf4 Be5 24.Bh6 Bg7 25.Bf4

[Event "Sydney International Open 2007"]
[Site "Parramatta"]
[Date "2007.04.12"]
[Round "7"]
[White "Bakre, Tejas"]
[Black "Chandler, Murray G"]
[Result "1/2-1/2"]
[WhiteElo "2426"]
[BlackElo "2548"]
[WhiteACF "-"]
[BlackACF "2566"]
1.d4 d5 2.c4 e6 3.Nc3 c6 4.cxd5 exd5 5.Bf4 Bd6 6.Bg3 Ne7 7.e3 Bf5 8.Bd3 Bxg3 9.hxg3 Nd7 10.g4 Bxd3 11.Qxd3 Ng6 12.Nf3 Qe7 13.O-O-O Nf6 14.Qf5 Qd7 15.Qxd7+ Kxd7 16.g5 Ng4 17.Rdf1 h6 18.Rh5 hxg5 19.Rxg5 Nh2 20.Rg1 Nxf3 21.gxf3 Rh2 22.Nd1 Ke7 23.Kd2 Rah8 24.e4 R8h5 25.Rxh5 Rxh5 26.Ne3 Rh2 27.Nf5+ Kf6 28.Ke3 dxe4 29.fxe4 Rh3+ 30.Rg3 Rxg3+ 31.fxg3 Ne7 32.Nxe7 Kxe7 33.b4 Ke6 34.Kf4 Kf6 35.a4 Ke6 36.a5 b6 37.axb6 axb6 38.g4 f6 39.g5 g6 40.gxf6 Kxf6 41.Kg4 Kf7 42.Kg5 Kg7 43.e5 Kf7 44.Kh6 Ke6 45.Kxg6 c5 46.dxc5 bxc5 47.bxc5 Kxe5 48.c6

[Event "Sydney International Open 2007"]
[Site "Parramatta"]
[Date "2007.04.12"]
[Round "7"]
[White "Zhao, Zong-Yuan"]
[Black "Bjelobrk, Igor"]
[Result "1/2-1/2"]
[WhiteElo "2476"]
[BlackElo "2386"]
[WhiteACF "2537"]
[BlackACF "2422"]
1.d4 f5 2.g3 Nf6 3.Bg2 g6 4.c4 Bg7 5.Nf3 O-O 6.O-O d6 7.Nc3 Nc6 8.d5 Na5 9.Qd3 e5 10.dxe6 Bxe6 11.b3 Nc6 12.Bb2 Ne4 13.Rac1 Nb4 14.Qb1 Nxc3 15.Bxc3 Bxc3 16.Rxc3 Qf6 17.Rfc1 f4 18.a3 Nc6 19.Qe4 fxg3 20.hxg3 Rae8 21.b4 g5 22.b5 Ne5 23.Qe3 Nxf3+ 24.Qxf3 Qxf3 25.Bxf3 b6 26.Bc6 Re7 27.Re3 Rf5 28.Rcc3 Kf8 29.Kg2 Rc5 30.Rf3+ Rf7 31.e4 Rxc4 32.Rxc4 Bxc4 33.Rc3 Be6 34.Rd3 g4 35.Rd4 Bb3 36.e5 dxe5 37.Rxg4 Ke7 38.Rb4 Bd1 39.f4 exf4 40.Re4+ Kf6

[Event "Sydney International Open 2007"]
[Site "Parramatta"]
[Date "2007.04.12"]
[Round "7"]
[White "Ansell, Simon"]
[Black "Rej, Tomek"]
[Result "0-1"]
[WhiteElo "2402"]
[BlackElo "2260"]
[WhiteACF "-"]
[BlackACF "2258"]
1.e4 e5 2.Nf3 Nc6 3.d4 exd4 4.Nxd4 Bc5 5.Nb3 Bb4+ 6.c3 Be7 7.c4 Nf6 8.Nc3 O-O 9.Bd3 Re8 10.O-O Ne5 11.Be2 d6 12.Qc2 c6 13.Be3 Be6 14.c5 Qc7 15.Nd4 d5 16.h3 Ned7 17.b4 Nf8 18.Nxe6 Nxe6 19.exd5 cxd5 20.Nb5 Qe5 21.Rad1 a6 22.Nd4 a5 23.c6 Nxd4 24.Bxd4 Qc7 25.b5 Rac8 26.Bd3 Ne4 27.f3 Bf6 28.Qb2 Bxd4+ 29.Qxd4 Nf6 30.Rc1 bxc6 31.Rxc6 Qg3 32.Rxc8 Rxc8 33.b6 Qb8 34.Rb1 Qb7 35.Qa4 Ra8 36.Qb5 Nd7 37.Bf5 Ne5 38.Rc1 Nc4 39.Rxc4 dxc4 40.Be4 Qa6 41.b7 Qa7+ 42.Kf1 Rd8 43.Qxc4 Qb6 44.Bd5 Qb1+ 45.Kf2 Qb6+ 46.Kg3 Qd6+ 47.f4 Qd7 48.Qc6 Qxc6 49.Bxc6 Rb8 50.f5 Kf8 51.Kf4 Ke7 52.Ke5 Rd8 53.f6+ gxf6+ 54.Kf5 Kd6 55.Bf3 Kc7 56.Kxf6 Rd2 57.a4 Rd4 58.Kxf7 Rxa4 59.Kg7 Rd4 60.Bc6 h5 61.g4 hxg4 62.h4 g3 63.h5 g2